| 000 | 00613nam a2200169 i 4500 | ||
|---|---|---|---|
| 001 | 189793 | ||
| 003 | SpMaBN | ||
| 005 | 20230906223546.0 | ||
| 008 | 191126s1996 sp ao |||| | spa d | ||
| 100 | 1 |
_aBallesta Maqueda, Manuel. _9168890 |
|
| 245 | 1 | 0 |
_aXX Pregón del Rocío _b: Hermandad de los Palacios : 21 de abril de 1996 / _cpor Manuel Ballesta Maqueda. |
| 260 |
_a[Los Palacios y Villafranca, Sevilla] : _bAteneo de Los Palacios, _c[1996] |
||
| 300 |
_a26 p. : _bil., fot. ; _c24 cm. |
||
| 650 | 4 |
_aRomerías. _9168897 |
|
| 710 | 2 |
_aAteneo de Los Palacios (Sevilla) _91873 |
|
| 852 |
_aES-MaACL _j1860-F-27 |
||
| 999 |
_c189793 _d189793 |
||